Catálogo

Placental pathology / (Registro nro. 27882)

Detalles MARC
000 -LEADER
fixed length control field 01422cam a2200373 i 4500
001 - CONTROL NUMBER
control field 27882
003 - CONTROL NUMBER IDENTIFIER
control field Mx-PuUPA
005 - DATE AND TIME OF LATEST TRANSACTION
control field 20250820103005.0
008 - FIXED-LENGTH DATA ELEMENTS--GENERAL INFORMATION
fixed length control field 140415s2004 dcua fr 001 0 eng d
020 ## - INTERNATIONAL STANDARD BOOK NUMBER
International Standard Book Number 1881041891
040 ## - CATALOGING SOURCE
Transcribing agency Mx-PuUPA
Original cataloging agency Mx-PuUPA
Language of cataloging spa
Modifying agency Mx-PuUPA
Description conventions rda
041 0# - LANGUAGE CODE
Language code of text/sound track or separate title eng
100 1# - MAIN ENTRY--PERSONAL NAME
Personal name Kraus, Frederick T.,
9 (RLIN) 17229
Relator term autor
245 10 - TITLE STATEMENT
Title Placental pathology /
Statement of responsibility, etc. Frederick T. Kraus, Raymond W. Redline, Deborah J. Gersell, D. Michael Nelso, Jeffrey M. Dicke ; Donald West King, editor
264 #1 - PRODUCTION, PUBLICATION, DISTRIBUTION, MANUFACTURE, AND COPYRIGHT NOTICE
Place of production, publication, distribution, manufacture Washington DC :
Name of producer, publisher, distributor, manufacturer American Registry of Pathology ;
-- Armed Forces Institute of Pathology,
Date of production, publication, distribution, manufacture, or copyright notice 2004
300 ## - PHYSICAL DESCRIPTION
Extent 331 páginas :
Other physical details ilustraciones, fotografías, tablas ;
Dimensions 28 cm
336 ## - CONTENT TYPE
Fuente rdacontent
Content type term texto
Content type code txt
337 ## - MEDIA TYPE
Source rdamedia
Media type term sin medio
Media type code n
338 ## - CARRIER TYPE
Source rdacarrier
Carrier type term volumen
Carrier type code nc
490 0# - SERIES STATEMENT
Series statement Atlas of Nontumor Pathology ;
Volume/sequential designation 3
650 #7 - SUBJECT ADDED ENTRY--TOPICAL TERM
Source of heading or term armarc
Topical term or geographic name entry element Placenta
General subdivision Enfermedades
-- Patología
650 #7 - SUBJECT ADDED ENTRY--TOPICAL TERM
Source of heading or term armarc
Topical term or geographic name entry element Placenta
General subdivision Patología
650 #7 - SUBJECT ADDED ENTRY--TOPICAL TERM
Source of heading or term armarc
Topical term or geographic name entry element Embarazo
General subdivision Complicaciones
650 #7 - SUBJECT ADDED ENTRY--TOPICAL TERM
Source of heading or term armarc
Topical term or geographic name entry element Ginecología y obstetricia
700 1# - ADDED ENTRY--PERSONAL NAME
Personal name Redline, Raymond W.,
Relator term autor
700 1# - ADDED ENTRY--PERSONAL NAME
Personal name Gersell, Deborah J.,
Relator term autor
700 1# - ADDED ENTRY--PERSONAL NAME
Personal name Nelson, D. Michael,
Relator term autor
700 1# - ADDED ENTRY--PERSONAL NAME
Personal name Dicke, Jeffrey M.,
Relator term autor
700 1# - ADDED ENTRY--PERSONAL NAME
Personal name West King, Donald,
Relator term editor
942 ## - ADDED ENTRY ELEMENTS (KOHA)
Source of classification or shelving scheme Dewey Decimal Classification
Koha item type Libro
Classification part K55
Existencias
Withdrawn status Lost status Source of classification or shelving scheme Damaged status Not for loan Collection code Home library Current library Shelving location Date acquired Source of acquisition Cost, normal purchase price Total Checkouts Full call number Barcode Date last seen Cost, replacement price Price effective from Koha item type
    Dewey Decimal Classification     General Biblioteca Karol Wojtyla Biblioteca Karol Wojtyla Sala general 03/12/2013 Donación 0.00   618.3407 K55 2004 46925 05/01/2026 0.00 03/12/2013 Libro